|
|
|
|
| LEADER |
01775nam a2200409 i 4500 |
| 001 |
EBC5151844 |
| 003 |
MiAaPQ |
| 005 |
20200123114602.0 |
| 006 |
m o d | |
| 007 |
cr cnu|||||||| |
| 008 |
200123s2017 xx o 000 0 spa d |
| 020 |
|
|
|z 9782808003360
|
| 020 |
|
|
|a 9782808003353
|q (electronic bk.)
|
| 035 |
|
|
|a (MiAaPQ)EBC5151844
|
| 035 |
|
|
|a (Au-PeEL)EBL5151844
|
| 035 |
|
|
|a (CaPaEBR)ebr11471701
|
| 035 |
|
|
|a (OCoLC)1013829204
|
| 040 |
|
|
|a MiAaPQ
|b eng
|e rda
|e pn
|c MiAaPQ
|d MiAaPQ
|
| 050 |
|
4 |
|a HF5415.1265
|b .D364 2017
|
| 082 |
0 |
|
|a 658.872
|2 23
|
| 100 |
1 |
|
|a Damel, Magalie,
|e author.
|
| 245 |
1 |
0 |
|a Aprende a disenar tu estrategia de marquetin digital :
|b las claves para una comunicacion eficaz /
|c por Magalie Damel ; traducido por Laura Soler Pinson.
|
| 264 |
|
1 |
|a [Place of publication not identified] :
|b 50Minutos.es,
|c [2017]
|
| 264 |
|
4 |
|c 2017
|
| 300 |
|
|
|a 1 online resource (33 pages).
|
| 336 |
|
|
|a text
|b txt
|2 rdacontent
|
| 337 |
|
|
|a computer
|b c
|2 rdamedia
|
| 338 |
|
|
|a online resource
|b cr
|2 rdacarrier
|
| 490 |
0 |
|
|a Coaching
|
| 588 |
|
|
|a Description based on print version record.
|
| 590 |
|
|
|a Electronic reproduction. Ann Arbor, MI : ProQuest, 2018. Available via World Wide Web. Access may be limited to ProQuest affiliated libraries.
|
| 650 |
|
0 |
|a Internet marketing.
|
| 655 |
|
4 |
|a Electronic books.
|
| 700 |
1 |
|
|a Soler Pinson, Laura,
|e translator.
|
| 776 |
0 |
8 |
|i Print version:
|a Damel, Magalie.
|t Aprende a disenar tu estrategia de marquetin digital : las claves para una comunicacion eficaz.
|d [Place of publication not identified] : 50Minutos.es, c2017
|h 33 pages
|k Coaching
|z 9782808003360
|
| 797 |
2 |
|
|a ProQuest (Firm)
|
| 856 |
4 |
0 |
|u https://ebookcentral.proquest.com/lib/matrademy/detail.action?docID=5151844
|z Click to View
|